La elección de un presidente: Costa Rica, 1978-1982 /

Uloženo v:
Podrobná bibliografie
Hlavní autor: Denton L, Carlos F.
Další autoři: Acuña, Olda María
Médium: Text
Vydáno: San José: Ministerio de Cultura, Juventud y Deportes, Instituto del Libro
Tagy: Přidat tag
Žádné tagy, Buďte první, kdo vytvoří štítek k tomuto záznamu!

MARC

LEADER 00000 a a2200000 04500
001 24080
003
040
020 |a 9977-59-037-0  
022 |a 9977-59-037-0  
090 |a 167700  
100 |a Denton L, Carlos F.  
245 |a La elección de un presidente: Costa Rica, 1978-1982 /  |c Carlos F. Denton L. 
260 |a San José:   |b Ministerio de Cultura,   |c Juventud y Deportes, Instituto del Libro  
300 |a 142 p.  
300 |b **no definido**  
700 |a Acuña, Olda María  
999 |c 6184  |d 6184